00549nam a22001817a 450000500170000001000130001702000260003003500130005603700210006908200130009010000150010324500760011825000110019426000390020527000710024430000320031570000200034720171108130207.0 aB-680715 c695.00a9788184875607 aB-680715 aDPLbPansy Books a510.2462 aJain, R.K. aAdvanced engineering mathematics / cby R.K. Jain [and] S.R.K. Iyengar  a5th ed aNew DelhibNarosa Pub. Housec2017 a22 Delhi Medical Association Road, Darya Ganj, bNew Delhie110002 avarious pagings c24cm(pbk) aIyengar, S.R.K.